Sức bền vật liệu Sách dùng cho học sinh tại chức ngành Cơ khí các trường đại học Kỹ thuật
Zapisane w:
| 1. autor: | |
|---|---|
| Format: | Książka |
| Język: | Undetermined |
| Wydane: |
Hà Nội
Đại học và Trung học chuyên nghiệp
1977
|
| Hasła przedmiotowe: | |
| Etykiety: |
Dodaj etykietę
Nie ma etykietki, Dołącz pierwszą etykiete!
|
| Thư viện lưu trữ: | Trung tâm Học liệu Trường Đại học Cần Thơ |
|---|
| LEADER | 00666nam a2200193Ia 4500 | ||
|---|---|---|---|
| 001 | CTU_17671 | ||
| 008 | 210402s9999 xx 000 0 und d | ||
| 082 | |a 620.112 | ||
| 082 | |b L566/T.1/1977 | ||
| 100 | |a Bùi, Trọng Lựu | ||
| 245 | 0 | |a Sức bền vật liệu | |
| 245 | 0 | |b Sách dùng cho học sinh tại chức ngành Cơ khí các trường đại học Kỹ thuật | |
| 245 | 0 | |c Bùi Trọng Lựu | |
| 260 | |a Hà Nội | ||
| 260 | |b Đại học và Trung học chuyên nghiệp | ||
| 260 | |c 1977 | ||
| 650 | |a Strength of materials | ||
| 904 | |i H.Mai | ||
| 980 | |a Trung tâm Học liệu Trường Đại học Cần Thơ | ||